000 00565nam a22001937a 4500
999 _c6032
_d6032
003 GBCCL
005 20241126110554.0
008 180420b ||||| |||| 00| 0 eng d
020 _a0847411540
040 _cgbc
082 _a261.83273
_bREV
100 _aRevell, Glenda
_d1951 -
_910875
245 _aGlenda's story:
_bLed by grace /
_cGlenda Revell
260 _aLincoln, NE:
_bGateway to Joy,
_c1997
300 _a122 p.;
_bill.,
_c21 cm.
650 _aRevell, Glenda
_y1951 -
_910876
650 _aAdult Child abuse victims
_xReligious life
_92599
942 _2ddc
_cBK